Abkürzungen im Internet - Statistiken

Allgemein
  • Dieses Quiz wurde 376 mal gespielt
  • Das Durchschnittsergebnis liegt bei 11 aus 17
Antwortstatistiken
Abkürzung Ausgeschrieben % Korrekt
BTW by the way
96%
OMG oh my god
96%
IDK I don't know
93%
THX thanks
93%
ASAP as soon as possible
87%
NVM nevermind
82%
LOL laughing out loud
81%
TY thank you
81%
BRB be right back
71%
FYI for your information
57%
IMO in my opinion
56%
TBF to be fair
55%
FOMO fear of missing out
52%
IKR I know, right?
40%
SMH shaking my head
17%
TL;DR too long; didn't read
15%
IIRC if I remember correctly
9%
Keine übereinstimmenden Quizze gefunden
Verteilung der Resultate
Anzahl Personen mit jedem Resultat
Perzentil nach korrekt beantworteten Fragen
Ihre Resultats-Entwicklung
Sie haben dieses Quiz noch nicht gespielt